000 01394nam0a22003731 4500
001 rc\2272977
005 20250623035422.0
035 _a(NLR Aleph) 006553637
090 _a6767568
_c6767568
100 _a20110829d1979 |||y0rusy50 ca
101 0 _arus
102 _aRU
105 _aa g |||||
200 1 _aРасчет на прочность деталей машин
_eСправочник
_fИ.А. Биргер, Б.Ф. Шорр, Г.Б. Иосилевич
205 _a3-е изд., перераб. и доп.
210 _aМосква
_cМашиностроение
_d1979
215 _a702 с.
_cил.
_d22
320 _aПредм. указ.: с. 683-696
320 _aБиблиогр.: с. 678-682
606 _aДетали машин
_xРасчет на прочность
_jСправочники
_2psbo
686 _aК415я22
_2rubbk
686 _a34.44
_2rubbk
700 1 _aБиргер
_bИ.А.
_gИсаак Аронович
701 1 _7ca
_8rus
_aШорр
_bБ. Ф.
_f1926-
_gБорис Федорович
_9155889
_3RU\NLR\AUTH\770155928
701 1 _aИосилевич
_bГ.Б.
_gГеннадий Борисович
801 0 _aRU
_bNLR
_gpsbo
801 1 _aRU
_bELAR
_2rusmarc
852 _aNLR
_j79-5/4456
899 _aRuMoRGB
_jB 79-27/891
899 _aRuMoRGB
_jФ 1-80/13700
899 _aRuMoRGB
_jB 79-27/890
942 _cBOOK
980 _aNB